Jak na krizovou komunikaci
Krízová komunikácia firmy s verejnosťou. Čím sa riadiť, keď riadite krízu. Analýza problému. Definovanie stratégie. Formulácia oznámenia - vyjadrenia k situácii. Komunikácia problému na sociálnych sietiach. Niekoľko predpokladov, ako sa krízam vyhnúť.
Salvato in:
| Autore principale: | |
|---|---|
| Altri autori: | |
| Natura: | Capitolo di libro |
| Lingua: | ceco |
| Soggetti: | |
| Tags: |
Nessun Tag, puoi essere il primo ad aggiungerne!!
|
MARC
| LEADER | 00000naa a2200000 4500 | ||
|---|---|---|---|
| 001 | 0257711 | ||
| 005 | 20190827082734.1 | ||
| 041 | 0 | |a cze | |
| 044 | |a CZ | ||
| 245 | 1 | 0 | |a Jak na krizovou komunikaci |c Jan Kučmáš, Vladan Crha |
| 520 | |a Krízová komunikácia firmy s verejnosťou. Čím sa riadiť, keď riadite krízu. Analýza problému. Definovanie stratégie. Formulácia oznámenia - vyjadrenia k situácii. Komunikácia problému na sociálnych sietiach. Niekoľko predpokladov, ako sa krízam vyhnúť. | ||
| 610 | 2 | 0 | |a firmy |
| 610 | 2 | 0 | |a kríza |
| 610 | 2 | 0 | |a komunikácia |
| 610 | 2 | 0 | |a médiá |
| 610 | 2 | 0 | |a siete sociálne |
| 610 | 2 | 0 | |a reputácia podniku |
| 100 | 1 | |a Kučmáš, Jan | |
| 700 | 1 | |a Crha, Vladan | |